| 000 | 02754nam a22003257a 4500 | ||
|---|---|---|---|
| 005 | 20120827111910.0 | ||
| 010 | _aB-460972-981 | ||
| 020 |
_a9780140169010 _c399.00 |
||
| 035 | _aB-460972-981 | ||
| 037 |
_adpl _bAllied Pub/Ven |
||
| 082 | _a629.13092 | ||
| 100 |
_aLala, R.M. _952132 |
||
| 245 |
_aBeyond the last blue mountain: _ba life of J.R.D. Tata/ _cR.M. Lala |
||
| 260 |
_aNew Delhi _bPenguin Portfolio _c110017 |
||
| 270 |
_a11 Community Centre, Panchsheel Park, _bNew Delhi _e110017 |
||
| 300 |
_axiii 402p. _c22cm. (pbk) |
||
| 500 | _ait includes index | ||
| 942 |
_2ddc _cEN _mLAL _h629.13092 |
||
| 999 |
_c69329 _d69329 |
||